Management (Record no. 1965)

MARC details
000 -LEADER
fixed length control field 00348nam a22001457a 4500
008 - FIXED-LENGTH DATA ELEMENTS--GENERAL INFORMATION
fixed length control field 250218b |||||||| |||| 00| 0 eng d
020 ## - INTERNATIONAL STANDARD BOOK NUMBER
ISBN 0070355525
100 ## - MAIN ENTRY--AUTHOR
Author KONTIZ, Harold
245 ## - TITLE STATEMENT
Title Management
250 ## - EDITION STATEMENT
Edition statement 9th
260 ## - PUBLICATION, DISTRIBUTION, ETC. (IMPRINT)
Place of publication U.S.A
Name of publisher MacGraw-Hill International Edition
Date of publication 1988
300 ## - COLLATION
Pagination xxv, 674p.
942 ## - ADDED ENTRY ELEMENTS (KOHA)
Item type Books
050 ## - LIBRARY OF CONGRESS CALL NUMBER
Classification number HD31
Item number .K66
Holdings
Source of classification or shelving scheme Not for loan Permanent location Current location Date acquired Accession No. Full call number Barcode. Koha item type
Library of Congress Classification   Samuel Ogbemudia Main Library, University of Abuja Samuel Ogbemudia Main Library, University of Abuja 02/18/2025 2015/46054 HD31.K66 2025-0100 Books